Countries Closest to Paris - Statistics

General Stats
  • This quiz has been taken 339 times
    326 since last reset
  • The average score is 19 of 20
Answer Stats
Distance (km) Distance (mi) Country % Correct
183 114 Belgium
99%
305 189 Germany
99%
278 172 Netherlands
99%
678 421 Spain
99%
247 154 United Kingdom
99%
377 234 Switzerland
98%
479 298 Italy
97%
267 166 Luxembourg
97%
561 349 Austria
96%
0 0 France
96%
811 504 Denmark
95%
716 445 Ireland
94%
692 430 Andorra
93%
927 576 Poland
92%
567 353 Liechtenstein
91%
692 430 Monaco
91%
725 451 Czechia
89%
948 589 San Marino
87%
880 547 Slovenia
87%
927 576 Croatia
81%
No matching quizzes found
Score Distribution
Percent of People with Each Score
Percentile by Number Answered
Your Score History
You have not taken this quiz since the last reset